000 00396nam a2200181Ia 4500
001 747
005 20260306140540.0
008 260306t2000||||xx |||||||||||||| ||spa||
041 _aESP
082 _a160
_bC77 2000
100 _aCopi, Irving M.
_eAUT
245 0 _aIntroducción a la lógica
260 _c2000
300 _a
_c
650 _aGEN
654 _aCHU
942 _cLIB
_dJUS
_fJUS
_2ddc
_n
999 _c747
_d747